000 00366pam a2200157a 44500
008 230515b2011 xxu||||| |||| 00| 0 eng d
020 _aNULL
041 _aENGLISH
082 _a660.218
100 _aBARTELT TERRY
245 _aPROCESS CONTROL SYSTEMS & INSTRUMENTATION
250 _a2007
260 _aDELHI
_bCENGAGE
_c2011
300 _a295
650 _aNULL
999 _c654939
_d654939